000 00279nam a2200121Ia 4500
008 241002s9999 xx 000 0 und d
082 _a709.04 SCH
100 _aSchlenoff, Noman
245 0 _aArt in the Modern World
260 _aNew York:
_c1965
600 _aArt
942 _cUC
999 _c18469
_d18469